000
00223nam a22000977a 4500
999
_c
522484
_d
522484
082
_a
TNC
100
_a
Krishnamurthy, S.
_9
37661
245
_a
Man Know Thyself
260
_a
Bangalore
_b
S. Krishnamurthy
_c
2002
300
_a
158p.